00000000nam 2200000zi 4500
0019.946592
003CaOODSP
00520250303103444
006m     o  d f      
007cr |n|||||||||
008250107s1953    oncab   o    f000 0 eng d
040 |aCaOODSP|beng|erda|cCaOODSP
043 |an-cn-bc
0861 |aA52-197/1953E-PDF
1001 |aHutton, Frank Valentine, |eauthor.
24510|aDominion Experimental Station, Prince George, British Columbia : |bprogress report, 1940-1951 / |cF. V. Hutton.
264 1|aOttawa, Canada : |bMinister of Agriculture, |c[1953]
300 |a1 online resource (64 pages) : |billustrations, map
336 |atext|btxt|2rdacontent
337 |acomputer|bc|2rdamedia
338 |aonline resource|bcr|2rdacarrier
500 |aDigitized edition from print [provided by Agriculture and Agri-Food Canada].
61025|aDominion Experimental Station (Prince George, B.C.)
61025|aDominion Experimental Station (Prince George, C.-B.)
650 0|aAgricultural experiment stations|zBritish Columbia|zPrince George.
650 6|aStations agronomiques|zColombie-Britannique|zPrince George.
7102 |aDominion Experimental Station (Prince George, B.C.), |eissuing body.
7101 |aCanada. |bExperimental Farms Service, |eissuing body.
85640|qPDF|s12.20 MB|uhttps://publications.gc.ca/collections/collection_2025/aac-aafc/A52-197-1953-eng.pdf
986 |a5M—17084—4-53